000 00452nam a2200169Ia 4500
008 230917s9999||||xx |||||||||||||| ||und||
020 _cRS195
040 _e229810
_aMAIN
041 _aEnglish
082 _a510.2462 K144E
100 _aKar, B K
245 0 _aEngineering mathematics. V2
260 _aHyderabad
_bNew Central Book Agency
_c2008
300 _axiii, 333 p.
500 _a2229 24/12/2015 IBS15/285 29/12/2015 UIET (SFS)
942 _cBK
999 _c17085
_d17085